000 01387nab a2200229 i 4500
001 768714001
003 CO-MdFUSB
005 20240618062724.0
008 220916s2013 -us||||| |||| 00| 0 eng d
022 _a16698649
040 _beng
_cCO-MdFUSB
_dCO-MdFUSB
041 _aeng
100 _aPérez, Pablo,
_eautor
245 _aHow can North American mission agencies effectively cooperate with and encourage two-thirds world mission sending Agencies?
_c/ Pablo Pérez
300 _aVolumen 8, número 1 (2013), páginas: 15-34
_c; 23 cm
520 _aPablo aborda los problemas relacionados con el paternalismo misional de Norteamérica, la decadencia de las sociedades occidentales contrastada con la atracción al comunismo y la habilidad de Dios para usar dos tercios de las iglesias en el mundo para cumplir la gran comisión. Pablo defiende la necesidad de que el evangelio sea contextualizado y argumenta a favor de una mayor reciprocidad en medio del cuerpo de Cristo, instando a los líderes norteamericanos a mostrar mayor humildad de formas muy prácticas.
650 0 _aMisiones
_9154
650 0 _9844
_aEvangelización
_zEstados Unidos
773 0 _049416
_981280
_d Santiago de Chile
_oR1728
_tJournal of Latin American Theology :
_w(CO-MdFUSB)118
_x1669-8949
_gVolumen 8, número 1 (2013), páginas: 15-34
_qpáginas: 15
942 _cANA
945 _aJennifer - Auxiliar
999 _c68167
_d68167